100 Jahre Humor in der deutschen Kunst/ (Record no. 26946)
[ view plain ]
| 000 -LEADER | |
|---|---|
| fixed length control field | 00905cam a22002771 4500 |
| 001 - CONTROL NUMBER | |
| control field | 6064498 |
| 005 - DATE AND TIME OF LATEST TRANSACTION | |
| control field | 20170207094125.0 |
| 008 - FIXED-LENGTH DATA ELEMENTS--GENERAL INFORMATION | |
| fixed length control field | 800626s1957 gw a 000 0 ger |
| 010 ## - LIBRARY OF CONGRESS CONTROL NUMBER | |
| LC control number | a 57007018 |
| 035 ## - SYSTEM CONTROL NUMBER | |
| System control number | (OCoLC)6465088 |
| 040 ## - CATALOGING SOURCE | |
| Original cataloging agency | DLC |
| Transcribing agency | TxCM |
| Modifying agency | DLC |
| 050 00 - LIBRARY OF CONGRESS CALL NUMBER | |
| Classification number | NC1505 |
| Item number | .R6 |
| 100 1# - MAIN ENTRY--PERSONAL NAME | |
| Personal name | Roth, Eugen, |
| Dates associated with a name | 1895-1976. |
| 245 10 - TITLE STATEMENT | |
| Title | 100 Jahre Humor in der deutschen Kunst/ |
| 246 3# - VARYING FORM OF TITLE | |
| Title proper/short title | Hundert Jahre Humor in der deutschen Kunst |
| 260 ## - PUBLICATION, DISTRIBUTION, ETC. (IMPRINT) | |
| Place of publication, distribution, etc. | [Hannover] : |
| Name of publisher, distributor, etc. | Fackelträger-Verlag, |
| Date of publication, distribution, etc. | [1957] |
| 300 ## - PHYSICAL DESCRIPTION | |
| Extent | 1 v. (unpaged) |
| Other physical details | illus. |
| Dimensions | 24 cm. |
| 500 ## - GENERAL NOTE | |
| General note | Includes "Die Zeichner einzeln vorgestellt." |
| 650 #0 - SUBJECT ADDED ENTRY--TOPICAL TERM | |
| Topical term or geographic name as entry element | German wit and humor, Pictorial. |
| 650 #0 - SUBJECT ADDED ENTRY--TOPICAL TERM | |
| Topical term or geographic name as entry element | Artists, German. |
| 906 ## - LOCAL DATA ELEMENT F, LDF (RLIN) | |
| a | 7 |
| b | cbc |
| c | oclcrpl |
| d | u |
| e | ncip |
| f | 19 |
| g | y-gencatlg |
| 942 ## - ADDED ENTRY ELEMENTS (KOHA) | |
| Source of classification or shelving scheme | |
| Koha item type | Hard Covered Materials |
| Classification part | NC 1505 .R6 1957 |
| Withdrawn status | Lost status | Source of classification or shelving scheme | Damaged status | Not for loan | Home library | Current library | Shelving location | Date acquired | Source of acquisition | Total Checkouts | Full call number | Barcode | Date last seen | Price effective from | Koha item type |
|---|---|---|---|---|---|---|---|---|---|---|---|---|---|---|---|
| MACHAKOS UNIVERSITY LIBRARY | MACHAKOS UNIVERSITY LIBRARY | Open shelf | 07/02/2017 | Donation (B.F.A) | NC 1505 .R6 1957 | 33723 | 07/02/2017 | 07/02/2017 | Hard Covered Materials |